| 000 | 00603nam a22002297a 4500 | ||
|---|---|---|---|
| 005 | 20170124110109.0 | ||
| 010 | _aA-157544 | ||
| 020 |
_c00.00 _a701116145 |
||
| 035 | _aA-157544 | ||
| 037 | _bCen Lib/Ret | ||
| 040 |
_aDPL _bEN |
||
| 082 |
_aN _bHOC |
||
| 100 |
_aHocking, Mary _928740 |
||
| 245 |
_aThe hopeful traveller / _cby Mary Hocking |
||
| 260 |
_aLondon _bChatto & windus _c1970 |
||
| 270 |
_bLondon _a42 William iv street |
||
| 300 |
_a217p. _c19cm(Hb) |
||
| 650 |
_aEnglish literature _928741 |
||
| 650 |
_aEnglish novel _914422 |
||
| 700 | _96348 | ||
| 942 |
_2ddc _cEN _hN _mHOC |
||
| 999 |
_c130265 _d130265 |
||